000 00957nam0a22002531 4500
001 rc\768986
005 20250622124655.0
035 _a(NLR Aleph) 006295819
090 _a7198776
_c7198776
100 _a20040301d1985 |||y0rusy50 ca
101 0 _arus
102 _aRU
105 _ay |||||||||
200 1 _aО вариационных принципах для нелинейных непотенциальных операторов
_fВ.В. Курышкин, Л.А. Севастьянов, В.М. Филиппов, Э.Э. Энтральго
210 _aДубна
_cОИЯИ
_d1985
215 _a8 с.
_d21
225 1 _aСообщения Объединенного института ядерных исследований
_vР2-85-577
320 _aБиблиогр.: с. 8 (6 назв.)
701 1 _aКурышкин
_bВ.В.
801 0 _aRU
_bNLR
_gpsbo
801 1 _aRU
_bELAR
_2rusmarc
852 _aNLR
_j86-6/1267
942 _cBOOK
980 _aNB